000 00437nam a2200181Ia 4500
001 13125
005 20260306163030.0
008 260306t2021||||xx |||||||||||||| ||spa||
041 _aESP
082 _aRM 378.005
_bU61 2020
100 _aUniversidad Católica San Pablo
_eAUT
245 0 _aMemoria anual 2020
260 _c2021
300 _a717 páginas :
_c30 cm.
650 _aGEN
654 _aCHU
942 _cLIB
_dJUS
_fJUS
_2ddc
_n
999 _c13125
_d13125